Integrated Circuit Test Engineering: Modern Techniques (Record no. 8106)
[ view plain ]
| 000 -LEADER | |
|---|---|
| fixed length control field | 00740 a2200193 4500 |
| 020 ## - INTERNATIONAL STANDARD BOOK NUMBER | |
| International Standard Book Number | 978-1-84628-173-0 |
| 040 ## - CATALOGING SOURCE | |
| Original cataloging agency | DLC |
| Language of cataloging | DLC |
| 082 ## - DEWEY DECIMAL CLASSIFICATION NUMBER | |
| Classification number | 621.381548 |
| 100 1# - MAIN ENTRY--PERSONAL NAME | |
| Personal name | Grout, Ian A. |
| 245 10 - TITLE STATEMENT | |
| Title | Integrated Circuit Test Engineering: Modern Techniques |
| Medium | [electronic resource] |
| Remainder of title | Modern Techniques |
| Statement of responsibility, etc. | by Ian A. Grout. |
| 260 ## - PUBLICATION, DISTRIBUTION, ETC. | |
| Place of publication, distribution, etc. | London : |
| Name of publisher, distributor, etc. | Springer-Verlag London Limited, |
| Date of publication, distribution, etc. | 2006. |
| 300 ## - PHYSICAL DESCRIPTION | |
| Other physical details | v.: digital |
| 650 #0 - SUBJECT ADDED ENTRY--TOPICAL TERM | |
| Topical term or geographic name entry element | Computer hardware |
| 650 #0 - SUBJECT ADDED ENTRY--TOPICAL TERM | |
| Topical term or geographic name entry element | Computer system performance |
| 710 2# - ADDED ENTRY--CORPORATE NAME | |
| Corporate name or jurisdiction name as entry element | SpringerLink (Online service) |
| 856 40 - ELECTRONIC LOCATION AND ACCESS | |
| Uniform Resource Identifier | <a href="http://www.lub.lu.se/cgi-bin/ipchk/http://dx.doi.org/10.1007/1-84628-173-3">http://www.lub.lu.se/cgi-bin/ipchk/http://dx.doi.org/10.1007/1-84628-173-3</a> |
| 856 40 - ELECTRONIC LOCATION AND ACCESS | |
| Uniform Resource Identifier | <a href="http://ezproxy.its.uu.se/login?url=http://dx.doi.org/10.1007/1-84628-173-3">http://ezproxy.its.uu.se/login?url=http://dx.doi.org/10.1007/1-84628-173-3</a> |
| 942 ## - ADDED ENTRY ELEMENTS (KOHA) | |
| Koha item type | Book |
| Call number prefix | 621.381548 GRO |
| Source of classification or shelving scheme | |
| Withdrawn status | Lost status | Damaged status | Not for loan | Collection code | Permanent Location | Current Location | Shelving location | Date acquired | Source of acquisition | Cost, normal purchase price | Total Checkouts | Full call number | Barcode | Date last seen | Price effective from | Koha item type |
|---|---|---|---|---|---|---|---|---|---|---|---|---|---|---|---|---|
| Central Library (CL) | Central Library (CL) | General Stacks | 12/26/2005 | A & J Def Tek Concultants | 5767.79 | 621.381548 GRO | SEECS006771 | 11/14/2012 | 01/05/2017 | Book |
